Central Library OPAC University of Rajshahi

Challenges to multilateral disarmament in the post-cold-war and post-Gulf-war period / (Record no. 24363)

MARC details
000 -LEADER
fixed length control field 01009nam a2200265 a 4500
001 - CONTROL NUMBER
control field 24363
003 - CONTROL NUMBER IDENTIFIER
rucl marc code BD-RjUL
005 - DATE AND TIME OF LATEST TRANSACTION
control field 20211209001036.0
008 - FIXED-LENGTH DATA ELEMENTS--GENERAL INFORMATION
fixed length control field 140313s1991 nyu b i10000 eng d
020 ## - INTERNATIONAL STANDARD BOOK NUMBER
International Standard Book Number 9211421810 (pbk.)
035 ## - SYSTEM CONTROL NUMBER
System control number (BD-RjUL)24429
040 ## - CATALOGING SOURCE
Original cataloging agency XNTU
Transcribing agency XNTU
Modifying agency VMOU
-- BD-RjUL
Language of cataloging eng
041 ## - LANGUAGE CODE
Language code of text/sound track or separate title eng
082 0# - DEWEY DECIMAL CLASSIFICATION NUMBER
Classification number 327.174
Edition number 20
Author mark and year CHA 1991
245 00 - TITLE STATEMENT
Title Challenges to multilateral disarmament in the post-cold-war and post-Gulf-war period /
Statement of responsibility, etc. United Nations Department for Disarmament Affairs.
260 W# - PUBLICATION, DISTRIBUTION, ETC. (IMPRINT)
Place of publication, distribution, etc. New York :
Name of publisher, distributor, etc. United Nations, Dept. for Disarmament Affairs,
Date of publication, distribution, etc. c1991.
300 ## - PHYSICAL DESCRIPTION
Pagination xv, 334 p. ;
Size 28 cm
500 ## - GENERAL NOTE
General note Proceedings of an unnamed conference at Kyoto, Japan, in May 1991.
504 ## - BIBLIOGRAPHY, ETC. NOTE
Bibliography, etc Includes bibliographical references.
650 #0 - SUBJECT ADDED ENTRY--TOPICAL TERM
Topical term or geographic name as entry element Disarmament
General subdivision Congresses.
9 (RLIN) 75007
Topical term or geographic name as entry element Arms control
General subdivision Congresses.
9 (RLIN) 16846
710 20 - ADDED ENTRY--CORPORATE NAME
Corporate name or jurisdiction name as entry element United Nations.
Subordinate unit Department for Disarmament Affairs.
9 (RLIN) 74925
942 ## - ADDED ENTRY ELEMENTS (KOHA)
Source of classification or shelving scheme Dewey Decimal Classification
Koha item type Books
Holdings
Lost status Source of classification or shelving scheme Damaged status Not for loan Collection code Permanent Location Current Location Shelving location Date acquired Source of acquisition Total Checkouts Full call number Date last seen Copy number Koha item type
  Dewey Decimal Classification   Added to bundle Non-fiction Central Library, University of Rajshahi Central Library, University of Rajshahi Reading Room 20/07/1995 Register office, RU   327.174 CHA 1991 13/03/2014 C-1 Books